| 000 | 00844nam a2200229Ia 4500 | ||
|---|---|---|---|
| 003 | OSt | ||
| 005 | 20220928112556.0 | ||
| 006 | a|||||r|||| 00| 0 | ||
| 007 | ta | ||
| 008 | 220927b |||||||| |||| 00| 0 eng d | ||
| 024 | _a32428 | ||
| 037 | _cReference Collections | ||
| 040 |
_aSDCL _cSDCL _beng |
||
| 041 |
_2eng _aeng |
||
| 082 | _aSigma a 494,12,N7, L4 RR | ||
| 100 |
_aINTER-UNIVERSITY BOARD OF INDIA, (NEW DELHI),(1974) _9428860 |
||
| 245 | 0 |
_aBibliography of doctoral dissertations accepted by Indian University 1857-1970 _b Social Science. |
|
| 260 |
_aNew Delhi _bInter-University Board of India _c1974 |
||
| 300 |
_alvii, 138,34,30p _ccm. |
||
| 942 |
_hSigma a 494,12,N7, L4 RR _cREF _2CC |
||
| 999 |
_c745356 _d745356 |
||